000 00361nam a2200157Ia 4500
008 191201s2008 xx 000 0 und d
020 _a9788120320635
082 _a005.43
_bTAM
100 _aTANENBAUM, Andrew S
245 0 _aModern Operating Systems
250 _aRep.
260 _aN.Delhi
_bPHI
_c2008
300 _a951
650 _aMCA
942 _2ddc
_cBK
999 _c3771
_d3771